[Event "Wch Seniors"]
[Site "Bad Wildbad"]
[Date "1997.??.??"]
[Round "8"]
[White "Reichenbach, Werner"]
[Black "Hoffmann, Hans"]
[Result "0-1"]
[WhiteElo "2255"]
[BlackElo "2210"]

1.d4 d5 2.c4 c6 3.Nf3 Nf6 4.Nc3 e6 5.e3 Nbd7 6.Bd3 dxc4 7.Bxc4 b5 8.Bd3 Bb7
9.O-O b4 10.Na4 c5 11.dxc5 Bxc5 12.b3 O-O 13.Bb2 Qe7 14.Qe2 Rac8 15.Ba6 Rc7
16.Bxb7 Rxb7 17.Rac1 Rc7 18.Rfd1 Rfc8 19.h3 h6 20.e4 Nb6 21.Nxc5 Rxc5 22.Rxc5 Qxc5
23.Bxf6 gxf6 24.g3 f5 25.Rd2 fxe4 26.Qxe4 Qh5 27.Kg2 Nd5 28.Ne5 Qg5 29.Qd4 Rc3
30.h4 Qf5 31.Qg4+ Qxg4 32.Nxg4 Kg7 33.Ne5 a5 34.Nf3 a4 35.bxa4 Ra3 36.Rb2 Rxa4
37.Ne1 Nc3 38.Nd3 Nxa2 39.Kf1 Kf6 40.Ke1 Kf5 41.Kd2 f6 42.f3 h5 43.Rc2 Nc3
44.Rb2 Nd5 45.Ke2 e5 46.Kf2 Kg6 47.Ke2 Kf7 48.Nc5 Ra5 49.Nd3 Ra2 50.Rxa2 Nc3+
51.Kd2 Nxa2 52.Kc2 Nc3 53.Kd2 Nd5 54.Nc5 Ne7 55.Kd3 Nf5 56.Ne4 b3 57.Kc3 Nd4
58.f4 Ne2+ 59.Kxb3 exf4 60.gxf4 Nxf4 61.Kc4 Ng2 62.Kd4 Nxh4 63.Ng3 Kg6 64.Ke4 Kg5  0-1

[Event "Wch Seniors"]
[Site "Bad Wildbad"]
[Date "1997.??.??"]
[Round "8"]
[White "Franck, Rudolf"]
[Black "Kristiansen, Erling"]
[Result "0-1"]
[WhiteElo "2223"]
[BlackElo "2265"]

1.Nf3 Nf6 2.d4 e6 3.c4 d5 4.Nc3 c6 5.e3 Nbd7 6.Qc2 b6 7.a3 Bb7 8.Bd2 Bd6
9.b4 O-O 10.c5 Bc7 11.Na4 e5 12.dxe5 Nxe5 13.Be2 Ne4 14.O-O Nxf3+ 15.Bxf3 f5
16.g3 b5 17.Nc3 Nxd2 18.Qxd2 a5 19.Ne2 Qf6 20.Nd4 axb4 21.axb4 Kh8 22.Qd3 Be5
23.Bg2 f4 24.Rxa8 Rxa8 25.gxf4 Bxd4 26.Qxd4 Qxd4 27.exd4 Kg8 28.Bh3 Kf8 29.Re1 Ra4
30.Bd7 Rxb4 31.Re8+ Kf7 32.Rb8 Ba6 33.Bxc6 Rxd4 34.Ra8 Ra4 35.Bxd5+ Ke7 36.h4 Kd7
37.Ra7+ Kd8 38.Be6 Bc8 39.Rxa4 bxa4 40.Bg8 Bf5 41.Kf1 Bb1 42.Ke2 a3 43.Ke3 a2
44.Bxa2 Bxa2 45.Ke4 Ke7 46.Ke5 Be6 47.c6 h6 48.h5 Bc8 49.f3 Ba6 50.Kf5 Kf7
51.Ke5 Bc8 52.Kd6 Kf6 53.Kc7 Bf5 54.Kd6 g6 55.hxg6 h5  0-1

[Event "Wch Seniors"]
[Site "Bad Wildbad"]
[Date "1997.??.??"]
[Round "9"]
[White "Borisenko, Georgy K"]
[Black "Viner, Phillip"]
[Result "1-0"]
[WhiteElo "2380"]
[BlackElo "2160"]

1.d4 d5 2.c4 c6 3.Nc3 e6 4.e3 Nf6 5.Nf3 Be7 6.Bd3 O-O 7.O-O dxc4 8.Bxc4 b5
9.Bd3 b4 10.Na4 Ba6 11.Ne5 Bxd3 12.Nxd3 Na6 13.a3 bxa3 14.b3 Nd7 15.Bxa3 Bxa3
16.Rxa3 Qe7 17.Qa1 c5 18.Nab2 Nc7 19.Rc1 Nb5 20.Ra5 Rfb8 21.dxc5 Nf6 22.Nc4 Nd5
23.Nce5 Qc7 24.Ra6 Rc8 25.Rc4 Qb7 26.Rg4 g6 27.Nc4 Rc6 28.Ra2 Qe7 29.Na5 Rc7
30.Rc2 Rd8 31.Qf1 a6 32.Rc1 f5 33.Rgc4 e5 34.c6 Nb6 35.Rc5 Rd5 36.Rxd5 Nxd5
37.Nc5 Nb6 38.Nxa6  1-0

[Event "Wch Seniors"]
[Site "Bad Wildbad"]
[Date "1997.??.??"]
[Round "11"]
[White "Heyne, Manfred"]
[Black "Secula, Victor"]
[Result "0-1"]
[WhiteElo "1619"]
[BlackElo "2001"]

1.d4 d5 2.c4 c6 3.Nf3 Nf6 4.e3 e6 5.Nc3 Nbd7 6.Bd3 Bd6 7.Qc2 O-O 8.O-O dxc4
9.Bxc4 e5 10.b3 Qc7 11.Bd3 Re8 12.Re1 e4  0-1

[Event "Bad Woerishofen op"]
[Site "Bad Woerishofen"]
[Date "1997.??.??"]
[Round "3"]
[White "Dumitrache, Dragos"]
[Black "Daeubler, Heinrich"]
[Result "1-0"]
[WhiteElo "2495"]
[BlackElo "2190"]

1.d4 d5 2.c4 c6 3.Nf3 e6 4.e3 Nf6 5.Nc3 Nbd7 6.Qc2 Bd6 7.Be2 O-O 8.O-O dxc4
9.Bxc4 b5 10.Bd3 Bb7 11.a4 b4 12.Ne4 Nxe4 13.Bxe4 f5 14.Bd3 c5 15.Qe2 e5
16.dxe5 Nxe5 17.Nxe5 Bxe5 18.f4 Bd6 19.b3 Qe7 20.Bb2 Rae8 21.Rad1 Kh8 22.Rfe1 Qc7
23.Qh5 Be4 24.Bc4 Rd8 25.Qg5 Qe7 26.h4 Qxg5 27.hxg5 Be7 28.Kf2 Bc2 29.Rxd8 Rxd8
30.Ke2 Be4 31.Rg1 Rd7 32.Be5 Rd8 33.g6 h5 34.Rh1 h4 35.Rh2 Bc2 36.g3 Bd1+
37.Ke1 Bh5 38.gxh4 Rd1+ 39.Kf2 Bxg6 40.h5 Rd2+ 41.Be2 Be8 42.h6 Bf6 43.hxg7+ Kxg7
44.Rg2+ Kf7 45.Ke1 Rd8 46.Bh5+ Ke7 47.Bxf6+ Kxf6 48.Rg8 Ke7 49.Rxe8+ Rxe8
50.Bxe8 Kxe8 51.Kd2 Kd7 52.Kd3 Kd6 53.e4 fxe4+ 54.Kxe4 c4 55.bxc4 Kc5 56.Kd3 a5
57.f5 Kd6 58.Kd4 Ke7 59.c5  1-0

[Event "Bad Woerishofen op"]
[Site "Bad Woerishofen"]
[Date "1997.??.??"]
[Round "4"]
[White "De Francesco, Klaus"]
[Black "Dumitrache, Dragos"]
[Result "0-1"]
[WhiteElo "2245"]
[BlackElo "2495"]

1.d4 d5 2.c4 e6 3.Nc3 c6 4.e3 Nf6 5.Nf3 Nbd7 6.Qc2 Bd6 7.Bd3 O-O 8.O-O Re8
9.e4 dxe4 10.Nxe4 Nxe4 11.Bxe4 Nf6 12.Bd3 c5 13.dxc5 Bxc5 14.Ng5 h6 15.Ne4 Nxe4
16.Bxe4 f5 17.Bf3 a5 18.Rd1 Qe7 19.b3 e5 20.Bd5+ Kh8 21.Bb2 Ra6 22.Re1 e4
23.Rad1 e3 24.fxe3 f4 25.Bd4 Bg4 26.Rd3 fxe3 27.Bxc5 Qxc5 28.Qc3 e2+ 29.Qd4 Qb4
30.Kf2 Rf6+ 31.Bf3 Bxf3 32.gxf3 Rfe6 33.c5 Qb5 34.Qc4 Qc6 35.Rd2 Re3 36.Qd5 Qf6
37.Rexe2 Qh4+ 38.Kf1 Qh3+ 39.Rg2 Rxf3+ 40.Rf2 Rxf2+ 41.Kxf2 Qe3+  0-1

[Event "Bad Zwesten op"]
[Site "Bad Zwesten"]
[Date "1997.??.??"]
[Round "5"]
[White "Dautov, Rustem"]
[Black "Luther, Thomas"]
[Result "1/2-1/2"]
[WhiteElo "2590"]
[BlackElo "2520"]

1.d4 e6 2.c4 Nf6 3.Nf3 d5 4.Nc3 c6 5.e3 Nbd7 6.Qc2 Bd6 7.Bd3 O-O 8.O-O dxc4
9.Bxc4 a6 10.Rd1 b5 11.Be2 c5 12.dxc5 Bxc5 13.Ne4 Nxe4 14.Qxe4 Ra7 15.b4 Bb7
16.Qf4 Bxf3 17.Bxf3 Be7 18.Bb2 Qb8 19.Rac1 Bf6 20.Bxf6 Nxf6 21.a3 Qxf4 22.exf4 Rb8
23.g4 Kf8 24.Rc6 a5 25.g5 Ne8 26.Rc5 axb4 27.axb4 Rc7 28.Kf1 Rxc5 29.bxc5 b4
30.Ke2 b3 31.c6 b2 32.Be4 Rb4 33.f3 f5 34.gxf6 gxf6 35.f5 exf5 36.Bxf5 Rc4
37.Be4 Nd6 38.Rb1 Nxe4 39.fxe4  1/2-1/2

[Event "Badalona op"]
[Site "Badalona"]
[Date "1997.??.??"]
[Round "?"]
[White "Vidarte Morales, Arturo"]
[Black "Jose Abril, Ramon"]
[Result "1-0"]
[WhiteElo "2370"]
[BlackElo "2390"]

1.c4 c6 2.Nc3 d5 3.d4 e6 4.Nf3 Nf6 5.e3 Nbd7 6.Qc2 Bd6 7.Bd3 O-O 8.O-O e5
9.cxd5 cxd5 10.e4 dxe4 11.Nxe4 Nxe4 12.Bxe4 h6 13.Be3 Qe7 14.Rfe1 Re8 15.Rad1 Kh8
16.a3 a6 17.h3 Qf8 18.Bf5 Rb8 19.Bxd7 Bxd7 20.dxe5 Rbc8 21.Qd2 Ba4 22.exd6  1-0

[Event "Barbera-A"]
[Site "Barbera"]
[Date "1997.??.??"]
[Round "4"]
[White "Gonzalez Velez, Fermin"]
[Black "Bravo, Narciso"]
[Result "1-0"]
[WhiteElo "2400"]
[BlackElo "2230"]

1.d4 d5 2.c4 c6 3.Nc3 Nf6 4.e3 e6 5.Nf3 Nbd7 6.Bd3 dxc4 7.Bxc4 b5 8.Bd3 Bb7
9.e4 b4 10.Na4 c5 11.e5 Nd5 12.O-O cxd4 13.Re1 Be7 14.Nxd4 a6 15.Qg4 Kf8
16.Qf3 Kg8 17.Qg3 h5 18.Bd2 N7b6 19.Nxb6 Qxb6 20.Nf3 h4 21.Qg4 h3 22.g3 Bc5
23.Rf1 Rd8 24.Bg5 Be7 25.Rad1 f5 26.exf6 Nxf6 27.Bxf6 Bxf6 28.Bc4 Rxd1 29.Rxd1 Rh6
30.Bxe6+ Kh8 31.Bf5 Bc6 32.Re1 Qd8 33.Bc2 Qa8 34.Be4 Bxb2 35.Ng5 Qe8 36.Qf5 Bf6
37.Nf3 Bc3 38.Bxc6 Qxc6 39.Qf8+ Kh7 40.Ng5+ Kg6 41.Re6+ Kxg5 42.Qf4+  1-0

[Event "Barbera op"]
[Site "Barbera"]
[Date "1997.??.??"]
[Round "9"]
[White "Comas Fabrego, Luis"]
[Black "Gonzalez Diaz, Julio"]
[Result "1/2-1/2"]
[WhiteElo "2465"]
[BlackElo "2115"]

1.d4 d5 2.c4 c6 3.e3 Nf6 4.Nc3 e6 5.Nf3 Nbd7 6.Qc2 Bb4 7.Bd3 a6 8.O-O b5
9.cxd5 cxd5 10.Bd2 Bd6 11.Rac1 Bb7 12.a3 O-O 13.h3 Rc8 14.Qb1 Rc7 15.Ne2 Ne4  1/2-1/2

[Event "Regionalliga NW9798"]
[Site "Bayern"]
[Date "1997.??.??"]
[Round "?"]
[White "Stickler, Andreas"]
[Black "Golda, Harald"]
[Result "1-0"]
[WhiteElo "2295"]
[BlackElo "2230"]

1.d4 d5 2.c4 c6 3.Nf3 Nf6 4.Nc3 e6 5.e3 Bd6 6.Bd3 Nbd7 7.O-O O-O 8.e4 dxc4
9.Bxc4 e5 10.Bg5 h6 11.Bh4 Qe7 12.d5 Nb6 13.Nd2 Nxc4 14.Nxc4 Rd8 15.dxc6 bxc6
16.Qa4 Bb4 17.Bxf6 gxf6 18.Na5 Bd7 19.Rfd1 c5 20.Nc6 Bxc6 21.Qxc6 Bxc3 22.bxc3 Rac8
23.Qa4 c4 24.Rd5 Rxd5 25.exd5 Rc5 26.Rd1 Qd6 27.Qxa7 Kg7 28.Qa8 f5 29.a4 Rc7
30.h3 Rc5 31.a5 e4 32.a6 Ra5 33.Qc8 Rxa6 34.Qxc4 Ra8 35.Qd4+ Kg6 36.Rb1 Rd8
37.Rb6  1-0

[Event "Regionalliga SW9798"]
[Site "Bayern"]
[Date "1997.??.??"]
[Round "?"]
[White "Schlinkmeier, Karsten"]
[Black "Christensen, Niels"]
[Result "0-1"]
[WhiteElo "2095"]
[BlackElo "2005"]

1.d4 d5 2.c4 c6 3.Nf3 Nf6 4.e3 e6 5.Nc3 Nbd7 6.Bd3 Be7 7.O-O dxc4 8.Bxc4 b5
9.Bd3 a6 10.e4 c5 11.e5 Ng4 12.Ng5 Ngxe5 13.dxe5 Bxg5 14.Be4 Bxc1 15.Bxa8 Bxb2
16.Ne4 Bxe5 17.Rc1 Qc7 18.g3 O-O 19.f4 Bb2 20.Rc2 Nb6 21.Rxb2 Nxa8 22.Nd6 Bd7
23.Rd2 Nb6 24.f5 exf5 25.Nxf5 Bxf5 26.Rxf5 c4 27.Qh5 c3 28.Rc2 g6 29.Qg5 Qd7
30.Rff2 Qd1+ 31.Kg2 Qd5+ 32.Qxd5 Nxd5 33.Kf3 Rc8 34.a3 b4 35.Ke4 b3 36.Rc1 c2
37.Kxd5 b2 38.Rff1 bxc1=Q 39.Rxc1 h5 40.h3 Kg7 41.Ke4 Rc3 42.h4 Rxg3  0-1

[Event "Regionalliga SO9798"]
[Site "Bayern"]
[Date "1997.??.??"]
[Round "?"]
[White "Bauer, Frank"]
[Black "Rosicki, Hans"]
[Result "0-1"]
[WhiteElo "1895"]
[BlackElo "1830"]

1.Nf3 c6 2.d4 d5 3.c4 Nf6 4.Nc3 e6 5.e3 Nbd7 6.Bd3 dxc4 7.Bxc4 b5 8.Bd3 Bb7
9.e4 a6 10.e5 Nd5 11.Nxd5 cxd5 12.O-O Be7 13.Bd2 O-O 14.Qe2 h6 15.Ne1 Qb6
16.Qg4 f5 17.exf6 Rxf6 18.Nf3 Raf8 19.Be3 Bd6 20.Rac1 Qd8 21.Qh5 Qe8 22.Qxe8 Rxe8
23.Rc2 e5 24.dxe5 Nxe5 25.Nxe5 Bxe5 26.Rd1 d4 27.Bd2 Bd5 28.b3 Bd6 29.Ba5 Be4
30.Bxe4 Rxe4 31.Rcd2 Bc5 32.f3 Re8 33.Bc7 Bb4 34.Rd3 Rc6 35.Bg3 Rc2 36.Kf1 Bc3
37.Bf2 Rxa2 38.Bxd4  0-1

[Event "Regionalliga NW9798"]
[Site "Bayern"]
[Date "1997.??.??"]
[Round "?"]
[White "Lippert, Frank"]
[Black "Jahrsdoerfer, Gerd"]
[Result "1-0"]
[WhiteElo "2070"]
[BlackElo "2015"]

1.Nf3 d5 2.c4 c6 3.Nc3 Nf6 4.d4 e6 5.e3 Nbd7 6.Qc2 Bd6 7.Bd3 O-O 8.O-O dxc4
9.Bxc4 b5 10.Bd3 Bb7 11.Rd1 Qc7 12.e4 e5 13.h3 a6 14.b3 g6 15.Bg5 exd4 16.Nxd4 c5
17.Nf3 c4 18.bxc4 bxc4 19.Bf1 Rfe8 20.Rab1 Bxe4 21.Nxe4 Nxe4 22.Qxc4 Ndc5
23.Be3 Rab8 24.Rxb8 Qxb8 25.Nd2 Bh2+ 26.Kh1 Bf4 27.Nxe4 Nxe4 28.Bd4 Qd6 29.Qc2 Bd2
30.Be3 Bxe3 31.Rxd6 Nxf2+ 32.Kh2 Bf4+ 33.Kg1 Nxh3+ 34.gxh3 Bxd6 35.Bxa6 Re3
36.Bc8 h5 37.a4 h4 38.a5 Bg3 39.a6 Ra3 40.Kg2 Kh7 41.Qc5  1-0

[Event "Regionalliga SW9697"]
[Site "Bayern"]
[Date "1997.??.??"]
[Round "?"]
[White "Dihm, Daniel"]
[Black "Holzmann, Helmut"]
[Result "1-0"]
[WhiteElo "1815"]
[BlackElo "1740"]

1.d4 Nf6 2.c4 c6 3.Nf3 d5 4.Nc3 e6 5.e3 Be7 6.Bd3 O-O 7.O-O Nbd7 8.b3 c5
9.Bb2 Nb6 10.Ne5 dxc4 11.bxc4 Nfd7 12.f4 cxd4 13.exd4 Nf6 14.Kh1 Bd7 15.Rc1 Rc8
16.Ne4 Bc6 17.Nxf6+ Bxf6 18.Qe2 Qe7 19.Rc3 Na4 20.Bxh7+ Kxh7 21.Rh3+ Kg8
22.Ba3 Qc7 23.Qh5 Bxg2+ 24.Kxg2  1-0

[Event "Regionalliga SW9697"]
[Site "Bayern"]
[Date "1997.??.??"]
[Round "?"]
[White "Huber, Marc"]
[Black "Wiest, Georg"]
[Result "0-1"]
[WhiteElo "2060"]
[BlackElo "2190"]

1.d4 d5 2.c4 c6 3.Nf3 Nf6 4.Nc3 e6 5.e3 Nbd7 6.Bd3 a6 7.e4 dxc4 8.Bxc4 b5
9.Bd3 c5 10.e5 cxd4 11.Nxb5 axb5 12.exf6 Qb6 13.Qe2 b4 14.fxg7 Bxg7 15.Bf4 Ba6
16.O-O O-O 17.Rfe1 Rfe8 18.Ng5 Nf8 19.Bxa6 Qxa6 20.Qh5 Qb7 21.Ne4 Red8 22.Bh6 Qd5
23.Qg4 Ng6 24.Bxg7 Kxg7 25.Qg3 d3 26.Nd2 Rxa2 27.Rxa2 Qxa2 28.Qc7 Rd4 29.h4 Rxh4
30.g3 Rd4 31.Qc5 Qxb2 32.Rb1 Qc3 33.Qg5 f6 34.Qe3 Ne5 35.Rb3 Qxd2  0-1

[Event "Regionalliga SW9697"]
[Site "Bayern"]
[Date "1997.??.??"]
[Round "?"]
[White "Klinger, Thomas"]
[Black "Schmeidler, Martin"]
[Result "0-1"]
[WhiteElo "2005"]
[BlackElo "2075"]

1.d4 d5 2.c4 e6 3.Nc3 c6 4.e3 Nf6 5.Nf3 Bd6 6.Bd3 Nbd7 7.O-O O-O 8.h3 dxc4
9.Bxc4 e5 10.dxe5 Nxe5 11.Nxe5 Bxe5 12.Qc2 Qe7 13.Bd2 Be6 14.Bxe6 Qxe6 15.Ne2 Ne4
16.Bc3 Nxc3 17.Nxc3 Qc4 18.Qe4 Qc5 19.Rac1 Rfe8 20.Qf3 Rad8 21.Rfd1 Qb4 22.Rxd8 Rxd8
23.Qe2 h6 24.Rc2 Qd6 25.Rc1 Qe6 26.b3 Rd7 27.Ne4 Qd5 28.Nc5 Rc7 29.Qc2 Bd6
30.Ne4 Rd7 31.Nxd6 Rxd6 32.Qc3 Qd2 33.Qc2 Qa5 34.a4 Rd2 35.Qe4 Qd8 36.Qg4 Kh7
37.Qf5+ Kg8 38.Qg4 Qf6 39.Qg3 Qd8 40.Qg4 Rd7 41.Rc4 Rd1+ 42.Kh2 Rd3 43.b4 Qd6+
44.g3 Qd8 45.b5 Qd5 46.bxc6 Rd2 47.Rf4 Qxc6 48.Qf5 f6 49.Qg6 a6 50.Re4 Kf8
51.Rf4 b5 52.Qb1 bxa4 53.Qb4+ Qd6 54.Qxd6+ Rxd6 55.Rxa4 Ke7 56.Kg2 Kd7 57.e4 Kc7
58.f4 Kb6 59.Kf3 Kb5 60.Ra1 Rd3+ 61.Kg4 Re3 62.Rb1+ Kc6 63.Rb4 a5 64.Ra4 Kb5
65.Rd4 a4 66.Rd5+ Kb6 67.Rd6+ Kb5 68.Rd5+ Kb4 69.Rd7 a3 70.Rb7+  0-1

[Event "Regionalliga SW9697"]
[Site "Bayern"]
[Date "1997.??.??"]
[Round "?"]
[White "Loos, Stephan"]
[Black "Wiest, Georg"]
[Result "0-1"]
[WhiteElo "2130"]
[BlackElo "2190"]

1.d4 d5 2.c4 c6 3.Nc3 Nf6 4.e3 e6 5.Nf3 Nbd7 6.Qc2 a6 7.a4 Bd6 8.b3 Qe7 9.Be2 e5
10.Bb2 e4 11.Nd2 Nf8 12.O-O-O Bf5 13.Rde1 h5 14.f3 Bg6 15.fxe4 dxe4 16.c5 Bc7
17.Nc4 N8d7 18.Ba3 Qe6 19.Nd2 b5 20.cxb6 Nxb6 21.Bc5 Nbd5 22.Bc4 Kd7 23.b4 Rhb8
24.Qb3 Kc8 25.Rhf1 Qd7 26.Bxd5 Nxd5 27.Ndxe4 Nxb4 28.Qc4 Nd5 29.Nd2 Ba5 30.Nxd5 cxd5
31.Qa2 Qb7 32.Ba3 Qc6+ 33.Bc5 Rb4 34.e4 Rxd4 35.Nb3 Rc4+ 36.Kb2 Bc3+  0-1

[Event "Regionalliga SW9697"]
[Site "Bayern"]
[Date "1997.??.??"]
[Round "?"]
[White "Pitschka, Claus"]
[Black "Schimpf, Markus"]
[Result "1/2-1/2"]
[WhiteElo "2180"]
[BlackElo "2030"]

1.d4 d5 2.Nf3 Nf6 3.c4 c6 4.Nc3 e6 5.e3 Nbd7 6.Bd3 dxc4 7.Bxc4 b5 8.Bd3 a6
9.e4 c5 10.e5 cxd4 11.Nxb5 Nxe5 12.Nxe5 axb5 13.Bxb5+ Bd7 14.Nxd7 Qa5+ 15.Bd2 Qxb5
16.Nxf8 Kxf8 17.a4 Qxb2 18.O-O Qb7 19.Rb1 Qd7 20.Rb5 Kg8 21.Qb3 h5 22.Ra1 h4
23.h3 Rh5 24.Rb8+ Rxb8 25.Qxb8+ Kh7 26.a5 Rb5 27.Qf4 Kg8 28.a6 Qa7 29.Qd6 Rd5
30.Qc6 Nd7 31.Ba5 Rc5 32.Qd6 Rc2 33.Rb1 d3 34.Bb6 Nxb6 35.Rxb6 d2 36.Qd8+ Kh7
37.Qxh4+ Kg8 38.Qd8+ Kh7 39.Qd3+ f5 40.Qxc2 Qxb6 41.Qxd2  1/2-1/2

[Event "Regionalliga SW9798"]
[Site "Bayern"]
[Date "1997.??.??"]
[Round "?"]
[White "Benedde, Guenter"]
[Black "Englert, Jan"]
[Result "1-0"]
[WhiteElo "2065"]
[BlackElo "1910"]

1.d4 c6 2.c4 d5 3.e3 Nf6 4.Nc3 e6 5.Nf3 Bd6 6.Bd3 O-O 7.O-O Nbd7 8.e4 dxe4
9.Nxe4 Nxe4 10.Bxe4 e5 11.Qc2 h6 12.Be3 exd4 13.Bxd4 Nf6 14.Bf5 Be7 15.Rad1 Qa5
16.Bxc8 Raxc8 17.Rfe1 Rfe8 18.Re5 Qc7 19.Qf5 Rcd8 20.Rde1 Bb4 21.Rxe8+ Rxe8
22.Rxe8+ Nxe8 23.g3 a6 24.c5 Qe7 25.a3 Ba5 26.b4 Bd8 27.Ne5 Bc7 28.Nc4 Qe6
29.Qd3 Qd5 30.Ne3 Qd7 31.Qc3 g6 32.Qc4 Bd8 33.Qc3 Qe6 34.Nc4 f6 35.Qd3 Kf7
36.Be3 h5 37.Qxd8 Qxc4 38.Qd7+  1-0

[Event "Regionalliga SO9798"]
[Site "Bayern"]
[Date "1997.??.??"]
[Round "?"]
[White "Tauber, Rainer"]
[Black "Pierer, Christian"]
[Result "0-1"]
[WhiteElo "1995"]
[BlackElo "1965"]

1.d4 d5 2.Nf3 Nf6 3.c4 e6 4.Nc3 c6 5.e3 Nbd7 6.Bd3 dxc4 7.Bxc4 b5 8.Bd3 Bb7
9.e4 b4 10.Na4 Be7 11.O-O Qa5 12.Re1 Rc8 13.e5 Nd5 14.Bg5 Qd8 15.Bxe7 Qxe7
16.Nd2 O-O 17.Ne4 Rc7 18.Nac5 Nxc5 19.Nxc5 Rd8 20.Qg4 Ba8 21.Rad1 Nb6 22.Re3 g6
23.Rh3 Nd7 24.Ne4 c5 25.Ng5 Nf8 26.dxc5 Rxc5 27.Re1 Rc7 28.Be4 Rd4 29.Qf3 Qxg5
30.Bxa8 Qd2 31.Qe3 Qxe3 32.Rhxe3 Rc2 33.Rb3 Rdd2 34.Rxb4 Rxf2 35.Rf1 Rxf1+
36.Kxf1 Nd7 37.a4 Nxe5  0-1

[Event "Regionalliga SW9697"]
[Site "Bayern"]
[Date "1997.??.??"]
[Round "?"]
[White "Unger, Michael"]
[Black "Christensen, Niels"]
[Result "0-1"]
[WhiteElo "2125"]
[BlackElo "1990"]

1.d4 Nf6 2.c4 e6 3.Nc3 d5 4.Nf3 c6 5.e3 Be7 6.Bd3 O-O 7.O-O Nbd7 8.b3 b6
9.Bb2 Bb7 10.cxd5 cxd5 11.Rc1 Qb8 12.Qe2 a6 13.Na4 Qa7 14.Ne5 Rfc8 15.f4 b5
16.Nc3 Qb6 17.Qf3 Bc6 18.Qh3 b4 19.Nxc6 Qxc6 20.Ne4 Qb6 21.Nxf6+ Nxf6 22.f5 a5
23.fxe6 fxe6 24.Kh1 a4 25.bxa4 Rxc1 26.Rxc1 Rxa4 27.Bb1 Kf7 28.Qf3 b3 29.axb3 Qxb3
30.Qf2 Rb4 31.Rc2 Rb7 32.e4 dxe4 33.Re2 Qd1+ 34.Re1 Rxb2 35.Qf1 Qd2 36.Bxe4 Qf2  0-1

[Event "Oberliga Bayern9697"]
[Site "Bayern"]
[Date "1997.??.??"]
[Round "?"]
[White "De Francesco, Klaus"]
[Black "Leusch, Gernot"]
[Result "1-0"]
[WhiteElo "2255"]
[BlackElo "2125"]

1.d4 d5 2.c4 e6 3.Nf3 Nf6 4.Nc3 c6 5.e3 Nbd7 6.Bd3 dxc4 7.Bxc4 b5 8.Bd3 a6
9.e4 c5 10.O-O Bb7 11.d5 e5 12.b3 Rc8 13.Bb2 Bd6 14.Ne2 O-O 15.Ng3 Re8 16.Nd2 Rc7
17.Qe2 Nb6 18.Rac1 Bc8 19.Bc3 b4 20.Bb2 a5 21.Bb5 Bd7 22.Bxd7 Qxd7 23.Nc4 Nxc4
24.Rxc4 g6 25.Qf3 Qe7 26.Bc1 Nd7 27.Be3 a4 28.Qg4 Nf6 29.Qh4 Nd7 30.Qg4 Nf6
31.Qe2 Nd7 32.Rc2 axb3 33.axb3 Ra8 34.Ra2 Rca7 35.Rfa1 Nb6 36.Rxa7 Rxa7 37.Rxa7 Qxa7
38.Qb5 Qc7 39.Bh6 Nd7 40.h3 Bf8 41.Be3 Nf6 42.Qa6 Ne8 43.Nf1 Nd6 44.Nd2 Be7
45.f3 Kf8 46.Qa8+ Kg7 47.Qa1 f6 48.Qa6 Kf7 49.Nc4 Nxc4 50.Qxc4 Bd6 51.Qa6 Ke7
52.Kh2 h5 53.Qa8 Qd8 54.Qc6 Qd7 55.Qb6 Qc8 56.Qa7+ Kd8 57.Qf7 Be7 58.Qxg6 Qa6
59.Qg8+ Kd7 60.Qf7 Qb5 61.Qe6+ Kd8 62.d6 Bf8 63.Qxf6+ Ke8 64.Qe6+  1-0

[Event "Oberliga Bayern9697"]
[Site "Bayern"]
[Date "1997.??.??"]
[Round "?"]
[White "Nitsche, Dirk"]
[Black "Wimmer, Herbert"]
[Result "1/2-1/2"]
[WhiteElo "2295"]
[BlackElo "2260"]

1.d4 d5 2.Nf3 c6 3.c4 e6 4.e3 Nf6 5.Nc3 Be7 6.Bd3 Nbd7 7.O-O dxc4 8.Bxc4 O-O
9.Qe2 Qc7 10.e4 b5 11.Bb3 b4 12.Na4 a5 13.Bg5 Ba6 14.Bc4 Bxc4 15.Qxc4 Nb6
16.Nxb6 Qxb6 17.Rac1 h6 18.Bxf6 Bxf6 19.e5 Bg5 20.Qxc6 Qxc6 21.Rxc6 Rfc8
22.Rc5 Rxc5 23.dxc5 Rc8 24.Nxg5 hxg5 25.Rc1 Kf8 26.Kf1 Ke7 27.Ke2 Kd7 28.Kf3 Kc6
29.Kg4 Rd8 30.Rc2 Rd5 31.Kxg5 Rxc5 32.Re2 a4 33.Kf4 Kb5 34.Ke4 Rd5 35.f4 b3
36.axb3 axb3 37.Re3 Kb4 38.Rd3 Rc5 39.Rd4+ Kb5 40.Rd2 Kb4 41.g4 Rc2 42.Ke3 Rc1
43.f5 Re1+ 44.Re2 Rg1 45.fxe6 fxe6  1/2-1/2

[Event "Oberliga Bayern9697"]
[Site "Bayern"]
[Date "1997.??.??"]
[Round "?"]
[White "Golda, Harald"]
[Black "Taeger, Winfried"]
[Result "1/2-1/2"]
[WhiteElo "2330"]
[BlackElo "2310"]

1.d4 d5 2.Nf3 Nf6 3.c4 c6 4.Nc3 e6 5.e3 Nbd7 6.Bd3 dxc4 7.Bxc4 b5 8.Bd3 a6
9.O-O Bb7 10.e4 b4 11.e5 bxc3 12.exf6 gxf6 13.bxc3 Qc7 14.Re1 c5 15.Rb1 Rb8
16.Qe2 Bd6 17.Bh6 Rg8 18.Be4 Bxe4 19.Rxb8+ Qxb8 20.Qxe4 Rg6 21.Rb1 Qc8 22.Be3 f5
23.Qh4 cxd4 24.cxd4 Qc6 25.Rc1 Qb7 26.Qxh7 f4 27.Bd2 Nf6 28.Qh8+ Bf8 29.Bxf4 Qxf3
30.Rc8+ Kd7 31.Rc7+ Ke8  1/2-1/2

[Event "Oberliga Bayern9798"]
[Site "Bayern"]
[Date "1997.??.??"]
[Round "?"]
[White "Delitzsch, Juergen"]
[Black "Goetz, Ralph"]
[Result "1/2-1/2"]
[WhiteElo "2235"]
[BlackElo "2245"]

1.d4 d5 2.c4 c6 3.Nf3 Nf6 4.Nc3 e6 5.e3 Nbd7 6.Bd3 dxc4 7.Bxc4 b5 8.Be2 Bb7
9.O-O Be7 10.b3 O-O 11.Bb2 a6 12.a4 b4 13.Nb1 c5 14.Nbd2 Qb8 15.Rc1 Rc8 16.Nc4 Bd5
17.Nfe5 cxd4 18.Nxd7 Nxd7 19.e4 Bxe4 20.Qxd4 Nf6 21.Nb6 Rd8 22.Qe3 Nd5 23.Qxe4 Qxb6
24.Bd3 g6 25.Bd4 Qd6 26.Be5 Qd7 27.Rfd1 Qa7 28.Bc4 Bg5 29.Bd4 Qe7 30.Bxd5 Rxd5
31.f4  1/2-1/2

[Event "Oberliga Bayern9798"]
[Site "Bayern"]
[Date "1997.??.??"]
[Round "?"]
[White "Koenig, Dietrich"]
[Black "Rodewies, Thomas"]
[Result "1/2-1/2"]
[WhiteElo "2305"]
[BlackElo "2255"]

1.d4 Nf6 2.c4 e6 3.Nf3 c6 4.Nc3 d5 5.e3 Nbd7 6.Qc2 Bd6 7.b3 O-O 8.Be2 e5
9.cxd5 cxd5 10.Nb5 Bb4+ 11.Bd2 Bxd2+ 12.Nxd2 exd4 13.Nxd4 Ne5 14.O-O Bd7
15.Qc5 Qb8 16.Rac1 Rd8 17.N2f3 Bg4 18.Nxe5 Qxe5 19.Qc7 Qxc7 20.Rxc7 Bxe2
21.Nxe2 Rab8 22.Rfc1 Kf8 23.Nd4 Ne8 24.R7c5 Rd7 25.Kf1 g6 26.Ke2 Rbd8 27.a4 Ng7
28.Kd3 Ne6 29.Rc8 Ke7 30.Rxd8 Kxd8 31.Nxe6+ fxe6 32.Kd4 Rf7 33.f4 Kd7 34.g4 Kd6
35.h4 Rf8 36.g5 Re8 37.Rf1 Rc8 38.h5 Rc2 39.hxg6 hxg6 40.Rh1 Rd2+ 41.Kc3 Re2
42.Kd3 Rb2 43.Kc3 Re2 44.Rh3 a5 45.b4 axb4+ 46.Kxb4 d4 47.exd4 Re4 48.Kc4 Rxf4
49.Rh6 e5 50.Rxg6+ Kd7 51.Kd5 Rxd4+ 52.Kxe5 Rxa4 53.Rg7+ Kc6 54.g6 Rg4 55.Kf5 Rg1
56.Re7 b5 57.g7 Rf1+ 58.Ke6 Rg1 59.Kf7 Kc5 60.Re8 b4 61.g8=Q Rxg8 62.Rxg8 b3
63.Ke6 Kc4 64.Ke5 b2 65.Rb8 Kc3 66.Ke4 Kc2 67.Rxb2+ Kxb2  1/2-1/2

[Event "Jugometal (Women)"]
[Site "Belgrade"]
[Date "1997.??.??"]
[Round "4"]
[White "Prudnikova, Svetlana"]
[Black "Cosma, Elena Luminita"]
[Result "1/2-1/2"]
[WhiteElo "2380"]
[BlackElo "2360"]

1.d4 d5 2.c4 e6 3.Nc3 c6 4.e3 Nf6 5.Nf3 Nbd7 6.Bd3 dxc4 7.Bxc4 b5 8.Bd3 a6
9.e4 c5 10.e5 cxd4 11.Nxb5 axb5 12.exf6 gxf6 13.O-O Qb6 14.Be4 Bb7 15.Bxb7 Qxb7
16.Nxd4 Rg8 17.Qf3 Qxf3 18.Nxf3 Bc5 19.Bd2 Rg4 20.b3 Re4 21.Bc3  1/2-1/2

[Event "Benasque op"]
[Site "Benasque"]
[Date "1997.??.??"]
[Round "9"]
[White "Berebora, Ferenc"]
[Black "Mayo Martinez, Manuel"]
[Result "1/2-1/2"]
[WhiteElo "2390"]
[BlackElo "2205"]

1.d4 Nf6 2.c4 e6 3.Nc3 d5 4.Nf3 c6 5.e3 Nbd7 6.Bd3 dxc4 7.Bxc4 b5 8.Bd3 Bb7
9.O-O a6 10.e4 Be7 11.e5 Nd5 12.Nxd5 cxd5 13.Bd2 O-O 14.Qb1 h6 15.Qe1 Bc6
16.Rc1 Qb6 17.b4 Rfc8 18.Qe3 Qd8 19.g4 Nb6 20.Bb1 Qf8 21.g5 Nc4 22.Qd3 g6
23.gxh6 Nxd2 24.Qxd2 Kh7 25.Ng5+ Bxg5 26.Qxg5 Qxh6 27.f4 Qxg5+ 28.fxg5 Kg7
29.Rc5 Bd7 30.Bd3  1/2-1/2

[Event "Berliner Sommer"]
[Site "Berlin"]
[Date "1997.??.??"]
[Round "2"]
[White "Zagorskis, Darius"]
[Black "Just, Fred"]
[Result "1-0"]
[WhiteElo "2485"]
[BlackElo "2215"]

1.d4 d5 2.c4 c6 3.e3 Nf6 4.Nc3 e6 5.Nf3 Nbd7 6.Qc2 Bd6 7.Bd3 O-O 8.O-O dxc4
9.Bxc4 e5 10.Bb3 h6 11.Rd1 Qe7 12.Nh4 Nb6 13.Ng6 Qc7 14.dxe5 Bxe5 15.Nxf8 Bxh2+
16.Kh1 Kxf8 17.Ne4 Nbd5 18.f4 Qe7 19.Nxf6 Nxf6 20.Kxh2 Ne4 21.Kg1 Bf5 22.Bd2 Ng3
23.Qc4 b5 24.Qxc6 Rd8 25.Qxb5 Kg8 26.Be1 Qxe3+ 27.Bf2 Ne2+ 28.Kf1 Qe4 29.Qxe2  1-0

[Event "Berliner Sommer"]
[Site "Berlin"]
[Date "1997.??.??"]
[Round "3"]
[White "Kadimova, Ilaha"]
[Black "Hafner, Christian"]
[Result "1/2-1/2"]
[WhiteElo "2385"]
[BlackElo "2035"]

1.d4 d5 2.c4 c6 3.Nc3 Nf6 4.e3 e6 5.Nf3 Nbd7 6.Bd3 Be7 7.O-O O-O 8.e4 dxe4
9.Nxe4 Nxe4 10.Bxe4 Bf6 11.Qc2 h6 12.Bf4 Qa5 13.Rfe1 c5 14.d5 exd5 15.cxd5 Rd8
16.a4 a6 17.Nd2 Qb4 18.Bc7 Rf8 19.Nc4 b5 20.axb5 axb5 21.Nd6 Rxa1 22.Rxa1 c4
23.Nxc8 Rxc8 24.d6 Qxb2 25.Rb1 Qxc2 26.Bxc2 Re8 27.Bf5 Nc5 28.g4 g6 29.Rxb5 gxf5
30.Rxc5 c3 31.d7 Re1+ 32.Kg2 Rd1 33.Be5 Bxe5 34.Rc8+ Kg7 35.d8=Q Rxd8 36.Rxd8 fxg4
37.Rc8 h5 38.h3 f5 39.f3 Bf6 40.hxg4 hxg4 41.fxg4 fxg4 42.Rc5 g3  1/2-1/2